000 00429nam a22001817a 4500
003 CEME
005 20210628205623.0
008 210309b xxu||||| |||| 00| 0 eng d
020 _a969-35-0511-5
040 _c.
082 _a891.4393 BAN'M
100 _aBano Qudsia
_99437
245 _aMard-e-abraisham
260 _aLAHORE
_bSANG-E-MEEL
_c1997
300 _a157P
650 _aURDU ADAB-ESSAYS
_957599
942 _cBK
_2ddc
999 _c581682
_d581682